| 000 | 00722nam a2200229 i 4500 | ||
|---|---|---|---|
| 001 | 115151 | ||
| 003 | ES-MaACL | ||
| 005 | 20250918183855.0 | ||
| 007 | t| | ||
| 008 | 070223s1910 sp ||||1| spa d | ||
| 080 | _a821.134.2-32"18" | ||
| 100 | 1 |
_aInsúa, Waldo A. _965348 |
|
| 245 | 1 | 0 |
_aVida truncada / _cpor Waldo A. Insúa ; ilustraciones de Agustín. |
| 260 |
_aMadrid : _bEl Cuento Semanal, _c1910. |
||
| 300 |
_a20 p. : _bil. col. y n. ; _c26 cm. |
||
| 490 | 1 |
_aEl cuento semanal ; _vaño 4, n. 169 |
|
| 500 | _aUna página deteriorada. | ||
| 700 | 0 |
_aAgustín, _dca. 1878-1935 _9171519 |
|
| 830 | 0 | 3 |
_aEl cuento semanal _vaño 4, n. 169 _9185957 |
| 852 |
_aES-MaACL _jG-4445(12) |
||
| 999 |
_c115151 _d115151 |
||